Fira del Mercat del Ram : Tordera 1985 : dies 29, 30 i 31 de març - Parc Prudenci Bertrana Tordera 1985 :
ISBN:
----
Descripción Física:
[92] p. : il. ; 22 cm
MARC
| LEADER | 00000nam a2200000Ia 4500 | ||
|---|---|---|---|
| 001 | 13201 | ||
| 008 | 160829s9999 xx 000 0 cat d | ||
| 020 | |a ---- | ||
| 080 | |a M-3-417 | ||
| 245 | |a Fira del Mercat del Ram : |b Tordera 1985 : |b dies 29, 30 i 31 de març - Parc Prudenci Bertrana | ||
| 260 | |a [Tordera : |b s.n.], DL 1985 | ||
| 300 | |a [92] p. : |b il. ; |c 22 cm | ||
| 650 | |a Mercat del Ram (Tordera) |9 31533 | ||
| 650 | |a Fires |x Tordera |9 31534 | ||
| 901 | |a Arxiu | ||
| 942 | |n 1 | ||
| 952 | |0 0 |1 0 |4 0 |6 M3417 |7 1 |9 45657 |a Arxiu |b Arxiu |d 2016-12-01 |l 0 |o M-3-417 |p 13201 |r 2016-12-01 00:00:00 |w 2016-12-01 |y ARXIU | ||
| 999 | |c 49157 |d 49157 | ||